Familiar quotations: a collection of passages, phrases and proverbs traced to th (Record no. 334)
[ view plain ]
| 000 -LEADER | |
|---|---|
| fixed length control field | 00461nam a2200169Ia 4500 |
| 020 ## - INTERNATIONAL STANDARD BOOK NUMBER | |
| ISBN | 0333-21845-0 |
| 082 ## - DEWEY DECIMAL CLASSIFICATION NUMBER | |
| Classification number | RR 808.882 BAR-; |
| 100 ## - MAIN ENTRY--AUTHOR NAME | |
| Personal name | Bartlett, John |
| 245 #0 - TITLE STATEMENT | |
| Title | Familiar quotations: a collection of passages, phrases and proverbs traced to th |
| 260 ## - PUBLICATION, DISTRIBUTION, ETC. (IMPRINT) | |
| Place of publication | London |
| Name of publisher | Macmillan |
| Year of publication | 1982 |
| 300 ## - PHYSICAL DESCRIPTION | |
| Number of Pages | xviii, 1750p. |
| 504 ## - BIBLIOGRAPHY, ETC. NOTE | |
| Bibliography, etc | Ref.book |
| 650 ## - SUBJECT ADDED ENTRY--TOPICAL TERM | |
| Topical Term | Proverbs, English |
| 650 ## - SUBJECT ADDED ENTRY--TOPICAL TERM | |
| Topical Term | Quotations, English |
| 700 ## - ADDED ENTRY--PERSONAL NAME | |
| Personal name | Beck, Emily Morison |
| 942 ## - ADDED ENTRY ELEMENTS (KOHA) | |
| Koha item type | Books |
| Withdrawn status | Lost status | Damaged status | Not for loan | Home library | Current library | Date acquired | Full call number | Accession Number | Price effective from | Koha item type |
|---|---|---|---|---|---|---|---|---|---|---|
| NASSDOC Library | NASSDOC Library | 08/06/2004 | RR 808.882 BAR-; | 9515 | 18/04/2019 | Books |
